000 00533nam a2200193Ia 4500
003 OSt
005 20240907122059.0
008 220927b |||||||| |||| 00| 0 eng d
037 _cTextual
040 _aSDCL
_cSDCL
_beng
041 _2eng
_aeng
082 _aRx J6
100 _aWhite, Morton.
_9408883
245 0 _aTowards reunion in philosophy.
260 _aCambridge:
_bHarvard University Press,
_c1956.
300 _axv,308p.
_ccm.
942 _hRx J6
_cTEXL
_2CC
999 _c775803
_d775803